Catálogo público

Estudio del sistema producto miel en el estado de Yucatán / (Record no. 171934)

MARC details
000 -CABECERA
campo de control de longitud fija 02058nam a2200397Ia 4500
001 - NÚMERO DE CONTROL
campo de control dia_1392
003 - IDENTIFICADOR DEL NÚMERO DE CONTROL
campo de control CHAP
005 - FECHA Y HORA DE LA ÚLTIMA TRANSACCIÓN
campo de control 20250116182242.0
007 - CAMPO FIJO DE DESCRIPCIÓN FÍSICA--INFORMACIÓN GENERAL
campo de control de longitud fija ta
008 - DATOS DE LONGITUD FIJA--INFORMACIÓN GENERAL
campo de control de longitud fija 220117s2015 mx do fr 001 0 spa d
040 ## - FUENTE DE LA CATALOGACIÓN
Centro/agencia transcriptor CHAP
Centro catalogador/agencia de origen mxchpua
090 ## - LOCALMENTE ASIGNADO TIPO-LC NÚMERO DE CLASIFICACIÓN (OCLC); NÚMERO DE CLASIFICACIÓN LOCAL (RLIN)
Número de clasificación (OCLC) (R) ; Numero de clasificación, CALL (RLIN) (NR) T.C.693
Número cutter local (OCLC) ; Número de libro/Signatura topográfica íntegra, CALL (RLIN) P47 SAI
Año 2016
245 10 - MENCIÓN DE TÍTULO
Título Estudio del sistema producto miel en el estado de Yucatán /
Mención de responsabilidad, etc. coordinador Juan Pérez Barrón ; colaboradores Laura Yesenia Aguilera Blanco...[et al.]
260 ## - PUBLICACIÓN, DISTRIBUCIÓN, ETC.
Lugar de publicación, distribución, etc. México :
Nombre del editor, distribuidor, etc. El autor,
Fecha de publicación, distribución, etc. 2015
300 ## - DESCRIPCIÓN FÍSICA
Extensión 115 hojas :
Otras características físicas gráficas, diagramas, tablas, fotos +
Material acompañante/anejo 1 CD-ROM
336 ## - TIPO DE CONTENIDO
Fuente rdacontent
Término de tipo de contenido texto
Código de tipo de contenido txt
337 ## - TIPO DE MEDIO
Fuente rdamedia
Nombre/término del tipo de medio no mediado
Código del tipo de medio n
338 ## - TIPO DE SOPORTE
Fuente rdacarrier
Nombre/término del tipo de soporte volumen
Código del tipo de soporte nc
500 ## - NOTA GENERAL
Nota general Grado 6° Grupo 1 --<br/>El CD contiene reporte --<br/>Directorio: hojas 114-115
502 ## - NOTA DE TESIS
Nota de tesis Viaje de estudios
Tipo de título (SAI) --
Nombre de la institución que otorga el título UACh. Departamento de Ingeniería Agroindustrial,
Año de obtención del título 2015
504 ## - NOTA DE BIBLIOGRAFÍA, ETC.
Nota de bibliografía, etc. Bibliografía: hoja 103
505 ## - NOTA DE CONTENIDO CON FORMATO
Nota de contenido con formato Empresas visitadas: --<br/>
Título 1. Mimiel -- <br/>2. Tropical Honey Company, S. A. de C. V. -- <br/>3. FIRCO (Fideicomiso de Riesgo Compartido) -- <br/>4. FIRA (Fideicomisos Instituidos en Relación con la Agricultura) --<br/>5. Sociedad de Solidaridad Social de R. L. Apícola Maya de Yucatán -- <br/>6. SEDER (Secretaría de Desarrollo Rural) -- <br/>7. Cab Balam, S. P. R. -- <br/>8. INIFAP -- <br/>9. Casa del apicultor -- <br/>10. Miel exótica del Mayab, S. C. de R. L. apiarios y criaderos de abejas reinas -- <br/>11. Oaxaca Miel, S. A. de C. V.
650 13 - PUNTO DE ACCESO ADICIONAL DE MATERIA--TÉRMINO DE MATERIA
Término de materia o nombre geográfico como elemento de entrada Apicultura
9 (RLIN) 150670
Subdivisión geográfica México
-- Yucatán
650 13 - PUNTO DE ACCESO ADICIONAL DE MATERIA--TÉRMINO DE MATERIA
Término de materia o nombre geográfico como elemento de entrada Miel y productos fabricados por abejas
9 (RLIN) 143229
650 10 - PUNTO DE ACCESO ADICIONAL DE MATERIA--TÉRMINO DE MATERIA
Término de materia o nombre geográfico como elemento de entrada Apiculture
Subdivisión geográfica Mexico
-- Yucatán
9 (RLIN) 150671
650 13 - PUNTO DE ACCESO ADICIONAL DE MATERIA--TÉRMINO DE MATERIA
Término de materia o nombre geográfico como elemento de entrada Honey and bee products
9 (RLIN) 147739
700 1# - PUNTO DE ACCESO ADICIONAL--NOMBRE DE PERSONA
Nombre de persona Pérez Barrón, Juan
9 (RLIN) 148338
Término indicativo de función/relación coordinador
700 1# - PUNTO DE ACCESO ADICIONAL--NOMBRE DE PERSONA
Nombre de persona Aguilera Blanco, Laura Yesenia
9 (RLIN) 135886
Término indicativo de función/relación colaboradora
856 41 - LOCALIZACIÓN Y ACCESO ELECTRÓNICOS
Identificador Uniforme del Recurso <a href="http://10.13.5.2/ve/TC693SAI/TC693SAI2016-REPORTE.pdf">http://10.13.5.2/ve/TC693SAI/TC693SAI2016-REPORTE.pdf</a>
Texto de enlace DESCARGAR REPORTE
942 ## - ELEMENTOS DE PUNTO DE ACCESO ADICIONAL (KOHA)
Fuente del sistema de clasificación o colocación Clasificación Universidad Autónoma de Chapingo
901 ## - ELEMENTOS DE DATOS A LOCAL LDA (RLIN)
a T.C.693 P47 SAI 2016
902 ## - ELEMENTOS DE DATOS B LOCAL, LDB (RLIN)
a M
905 ## - ELEMENTOS DE DATOS E LOCAL, LDE (RLIN)
a 5232272015 mx nmdl8223323222spa16
942 ## - ELEMENTOS DE PUNTO DE ACCESO ADICIONAL (KOHA)
Tipo de ítem Koha Viaje de Estudios
Holdings
Estado de retiro Estado de pérdida Fuente del sistema de clasificación o colocación Estado dañado Restricciones de uso No para préstamo Código de colección Localización permanente Ubicación/localización actual Fecha de adquisición Fuente de adquisición Total de préstamos Signatura topográfica completa Código de barras Fecha visto por última vez Fecha del último préstamo Número de copia Precio válido a partir de Tipo de ítem Koha Ubicación en estantería
    Clasificación Universidad Autónoma de Chapingo   Préstamo 5 días   Viajes de Estudio Ingenieria Agroindustrial Ingenieria Agroindustrial 18/01/2022 El autor 1 T.C.693 P47 SAI 2016 1106010126 20/05/2024 20/05/2024 Ej. 4 18/01/2022 CD  
    Clasificación Universidad Autónoma de Chapingo   Préstamo interno   Viajes de Estudio Ingenieria Agroindustrial Ingenieria Agroindustrial 18/01/2022 El autor 1 T.C.693 P47 SAI 2016 1106010123 26/01/2026 23/08/2022 Ej. 1 18/01/2022 Viaje de Estudios  
    Clasificación Universidad Autónoma de Chapingo   Préstamo 5 días   Viajes de Estudio Ingenieria Agroindustrial Ingenieria Agroindustrial 18/01/2022 El autor 1 T.C.693 P47 SAI 2016 1106010124 26/01/2026 20/05/2024 Ej. 2 18/01/2022 Viaje de Estudios  
    Clasificación Universidad Autónoma de Chapingo   Préstamo interno   Viajes de Estudio Ingenieria Agroindustrial Ingenieria Agroindustrial 18/01/2022 El autor   T.C.693 P47 SAI 2016 1106010125 18/01/2022   Ej. 3 18/01/2022 CD  
    Clasificación Universidad Autónoma de Chapingo       Viajes de estudio - En línea Ingenieria Agroindustrial Ingenieria Agroindustrial 02/05/2024 El autor   T.C.693 P47 SAI 2016 1206010123 02/05/2024     02/05/2024 Viajes de Estudio - En línea En línea